| 000 | 00374 a2200169 4500 | ||
|---|---|---|---|
| 001 | 50127 | ||
| 020 | _a8526006525 | ||
| 040 | _cAnchieta - Bela Vista | ||
| 100 | _aSilva, Aracy Lopes da | ||
| 240 | 1 | 0 |
_aHistórias de verdade _lpor |
| 245 | 1 | 0 | _aHistórias de verdade |
| 300 | _a46 | ||
| 362 | 0 | _a2000 | |
| 440 | 1 | _aGlobal | |
| 650 | 4 | _aLiteratura juvenil | |
| 942 | _cBK | ||
| 999 |
_c50127 _d50127 |
||